LDR 01786naa#a2200229#i#450# 001 RU\\bibl\125680 005 20260705135622.7 011 ## _a2782-5957 100 ## _a20260630b2026####ek#y0rusy0150####ca 102 ## _aRU 200 1# _aСТРУКТУРА РАЗМЕРНЫХ СВЯЗЕЙ И ЕЁ ВЛИЯНИЕ НА ГЕОМЕТРИЧЕСКУЮ КОНФИГУРАЦИЮ ДЕТАЛИ _eЖурнальная статья 210 1# _aБрянск _cБрянский государственный технический университет _d2026 215 ## _a13 с. 608 ## _aЖурнальная статья _2local 675 ## _aТеория машиностроения (машиноведение). Механика как теоретическая основа машиностроения. 621.01 _aОбщие конструктивные характеристики. Расположение основных частей (компоновка). 621.9-11 _aВысокопроизводительная обработка. Высокоэнергетическая обработка (формообразование с использованием высоких энергий). Высокоскоростная обработка. Обработка взрывом. 621.9.044 _aИзмерения и контроль в целом. 621.9.08 _z 686 ## _aОбщая технология машиностроения. Обработка металлов. 345 _2bbk 700 #1 _aКолесникова _gОльга Валерьевна 700 #1 _aЛелюхин _gВладимир Егорович 700 #1 _aДавыдов _gАнтон Аркадьевич 700 #1 _aГоршков _gАндрей Олегович 700 #1 _aДабалез _gМохаммад 856 4# _azh-szf.ru _u